| 000 | 00957nam a22002417a 4500 | ||
|---|---|---|---|
| 999 |
_c20447 _d20447 |
||
| 003 | AR-CdUCM | ||
| 008 | 190522b ||||| |||| 00| 0 spa d | ||
| 040 |
_aMUNICIPALIDAD PROVINCIAL DEL CUSCO _cBIBLIOTECA MUNICIPAL DEL CUSCO |
||
| 082 |
_a616.8 / _bN69 |
||
| 100 |
_aNoback Ph. D, Charles R. _942754 |
||
| 245 |
_aSistema nervioso humano : _bFundamentos de neurobiología / |
||
| 260 |
_aMéxico : _bMcGraw-Hill _c1980. |
||
| 300 |
_a421 páginas ; _c30 cm. _bFiguras, imagenes |
||
| 505 | _aContenido: El cerebro: Anatomía macroscópica e irrigación sanguínea. meninges -- Anatomía microscópica básica -- Elementos estructurales -- Neurofisiología básica... | ||
| 650 |
_aSistema olfatoria _942755 |
||
| 650 |
_aNeurofisiología _942756 |
||
| 650 |
_aMédula espinal _942757 |
||
| 650 |
_aSistema nervioso _926592 |
||
| 700 |
_aDemarest, Robert J. _942758 |
||
| 700 |
_aVega Lezama, F. Carlos _942759 |
||
| 942 |
_2ddc _cLIBROS |
||
| 945 | _arcc | ||